000 01245cad a22003015a 4500
001 L145073
002 17342
008 080904s2008 xxkade f 000 0 eng d
020 _a9780080878744
035 _a(Sirsi) u145073
041 0 _aeng
050 0 4 _a720.03 $2 18
100 1 _aDavies, Nikolas
245 0 0 _aDictionary of architecture and building construction
_h[electronic resource]
260 _aOxford
_bArchitectural Press
_bElsevier
_c2008
300 _aix, 726p.
_bill. $2 6cm.
350 _a£34.99
505 2 _aPart I: A-Z entries -- Part II: Illustrations -- Part III: Tables, bibliography, architects and locations referred to in the illustrations
520 _aIllustrated dictionary of terms related to architecture and building construction. Each of the 20,000 entries contains a definition, synonyms, and a reference to illustrations and tables where applicable. Contains 260 illustrated plates organised by subject.
521 _aAdvanced
590 _aKA
650 2 4 _aEBOOK
651 4 _aInternational
690 _aBUILT ENVIRONMENT-BUILDING ELEMENTS
700 1 _aJokiniemi, Erkki
856 4 0 _uhttps://www.vlebooks.com/
_zView on VLEbooks. Logins for members only from [email protected]
942 _n0
999 _c108686
_d108686